Beroemde Nederlandse Voetballers op Foto - Statistieken

Algemene statistieken
  • Deze quiz is 901 keer genomen
  • De gemiddelde score is 20 van 25
Antwoordstatistieken
Foto Antwoord % Correct
Arjen Robben
94%
Frenkie de Jong
93%
Virgil van Dijk
93%
Robin van Persie
92%
Memphis Depay
90%
Ruud Gullit
88%
Nathan Aké
87%
Marco van Basten
86%
Patrick Kluivert
86%
Ronald Koeman
86%
Wesley Sneijder
86%
Matthijs de Ligt
85%
Cody Gakpo
84%
Edwin van der Sar
80%
Georginio Wijnaldum
78%
Dirk Kuyt
77%
Dennis Bergkamp
75%
Jaap Stam
74%
Johan Cruyff
72%
Clarence Seedorf
69%
Edgar Davids
68%
Giovanni van Bronckhorst
66%
Ruud van Nistelrooy
65%
Frank Rijkaard
64%
Jimmy Floyd Hasselbaink
20%
Geen overeenkomende quizzen gevonden
Scoreverdeling
Procent van Mensen met Elke Score
Percentiel versus Aantal Correcte Antwoorden
Uw Scoregeschiedenis
U heeft deze quiz nog niet genomen